000
00309nam a2200133Ia 4500
008
191201s1997 xx 000 0 und d
100
_a
OPPENHIEM, Alan V
245
0
_a
Signals and Systems
250
_a
6th
260
_c
1997
_b
Pearson Education
_a
N.Delhi
300
_a
977
650
_a
ECE
942
_2
ddc
_c
BB
999
_c
7248
_d
7248